00000000nam##2200000za#4500
0019.543412
003CaOODSP
00520210615090402
007ta
008150406|2006||||xxc|||||     f|0| 0 eng|d
020 |a0-660-63166-0
040 |aCaOODSP|beng
041 |aeng
041 |afre
043 |an-cn---
0861 |aBT31-4/43-2006
1101 |aCanada. |bTreasury Board.
24510|aHuman Resources and Social Development Canada
2463 |aHuman Resources and Skills Development Canada and social Development Canada, 2005-2006 estimates - a departmental performance report
260 |bTreasury Board of Canada Secretariat |c2006.
300 |aEnglish text, v, 193p. : |bgraphs, references, tables, photographs ; |c28 cm.
4901 |aPerformance report for the period ending March 31, 2006
5203 |aDepartmental Performance Reports are part of the Estimates prepared by the Government of Canada each year in support of its request to Parliament for authority to spend public monies. Each report emphasizes accountability, comparing accomplishments with the expectations and commitments set out earlier in the department’s Report on Plans and Priorities. The Departmental Performance Reports reflect the citizen focus of government programs, setting out the strategic context, the risks and challenges to meeting commitments, and the links between resources the department uses and the benefits it has achieved for Canadians and Canadian society.
563 |aSoftcover
590 |a06-48|b2006-12-01
69007|aFederal departments|2gcpds
69007|aHuman resources|2gcpds
69007|aPerformance assessment|2gcpds
69007|aSkills|2gcpds
69007|aSocial development|2gcpds
7760#|tRessources humaines et Développement des compétences Canada et Développement social Canada, budget principal des dépenses, 2005 - 2006, rapport ministériel sur le rendement |w(CaOODSP)9.594140
792 |tRessources humaines et Développement social Canada |efre|w(CaOODSP)9.543413
830#0|aPerformance report for the period ending March 31, 2006.|w(CaOODSP)9.511220